Perichoréza v učení a v živote cirkvi

Bibliographic Details
Main Author: Gira, Miroslav (Author)
Format: Book
Language:Slovak
PhysicalDescription:83 s. 21 cm
Published: Košice Vienala 2012
ISBN:9788081260650
Edition:1. vyd.
Subjects:

MARC

LEADER 00000nam a2200000 a 4500
001 vtls010512244
003 SK-MaSNL
005 20260302050304.0
008 240318s2012 xo f n 000 0 slo
015 |a SNBA2013/06 
020 |a 9788081260650  |q (brož.) 
035 |a A7252348-D610-4E37-B285-85EED330D637 
035 |a urn:nbn:sk:snk-amkvzm 
035 |a urn:nbn:sk:snk-am001ohu 
040 |a SNK  |b slo  |c SNK  |e AACR2 
041 0 |a slo  |b eng 
044 |a xo  |c SK 
072 7 |a 27-1/-2  |x Kresťanská teológia. Dogmatická teológia  |2 konspekt 
080 |a 27-284-144.89  |2 2001 
080 |a 27-1  |2 2001 
080 |a 272-284  |2 2001 
080 |a 272-1/-9  |2 2001 
080 |a (048.8)  |2 2001 
100 1 |a Gira, Miroslav  |4 aut  |9 314875 
245 1 0 |a Perichoréza v učení a v živote cirkvi  |c Miroslav Gira 
250 |a 1. vyd. 
260 |a Košice  |b Vienala  |c 2012 
300 |a 83 s.  |c 21 cm 
500 |a Vydané pre Teologickú fakultu v Košiciach 
504 |a Bibliogr. s.: 80-83 ; bibliogr. odkazy ; zoz. skrat. a značiek 
546 |a Res. angl. 
650 0 7 |a Najsvätejšia Trojica  |2 SNKPH  |9 79135 
650 0 7 |a trinitárna teológia  |2 SNKPH  |9 69029 
650 0 7 |a kresťanská teológia  |2 SNKPH  |9 1804 
650 0 7 |a katolícka dogmatika  |2 SNKPH  |9 1985 
650 0 7 |a učenie katolíckej cirkvi  |2 SNKPH  |9 64342 
650 0 7 |a Trinitology  |2 SNKPHeng  |9 395095 
650 0 7 |a Christianity theology  |2 SNKPHeng  |9 276249 
650 0 7 |a Catholic dogmatics  |2 SNKPHeng  |9 333301 
650 0 7 |a Catholic doctrine  |2 SNKPHeng  |9 302535 
650 0 7 |a perichoréza  |2 SNKPH  |9 704543 
655 7 |a monografie  |2 SNKPH  |9 70139 
655 7 |a Monographs  |2 SNKPHeng  |9 120675 
710 2 |a Katolícka univerzita v Ružomberku.  |b Teologická fakulta v Košiciach  |4 pbl  |9 181896 
919 |a 978-80-8126-065-0 
958 |a NB 
958 |a NT 
999 |c 1096554  |d 1098484 
952 |a SNK  |b SNK  |y PREZ  |7 0  |p 17A1071203  |o snkSC 153515  |i snk2013/11593  |8 0  |0 0  |1 0  |4 0  |d 2013-05-21  |l 0  |r 2025-07-23 00:00:00  |w 2026-02-24 
952 |a SNK  |b SNK  |y VYP  |7 0  |p 17A1071212  |o snkSC 153515 D1  |i snk2013/11594  |8 0  |0 0  |1 0  |4 0  |d 2013-05-21  |f 1  |l 0  |r 2026-02-24 17:17:09  |w 2026-02-24